TFT Set 17 - Space Gods - Statistiques

Statistiques générales
  • Ce quiz a été pris 41 fois
    25 depuis la dernière actualisation
  • Le résultat moyen est 63 sur 98
Statistiques - réponses
% Correct
Nami
87%
Poppy
87%
Sona
87%
Aatrox
80%
Aurelion Sol
80%
Caitlyn
80%
Cho'Gath
80%
Diana
80%
Fiora
80%
Jhin
80%
LeBlanc
80%
Leona
80%
Lissandra
80%
Lulu
80%
Milio
80%
N.O.V.A.
80%
Pantheon
80%
Teemo
80%
Twisted Fate
80%
Urgot
80%
Veigar
80%
Zoe
80%
Aurora
73%
Bard
73%
Bel'Veth
73%
Briar
73%
Challenger
73%
Corki
73%
Ezreal
73%
Fizz
73%
Gnar
73%
Gragas
73%
Graves
73%
Gwen
73%
Jinx
73%
Kai'Sa
73%
Karma
73%
Kindred
73%
Maokai
73%
Mecha
73%
Meeple
73%
Mordekaiser
73%
Nasus
73%
Nunu
73%
Ornn
73%
Pyke
73%
Rammus
73%
Rek'Sai
73%
Riven
73%
Samira
73%
Shen
73%
Talon
73%
Vex
73%
Viktor
73%
Xayah
73%
Akali
67%
Bagarreur
67%
Bastion
67%
Berger
67%
Brise-temps
67%
Canalisateur
67%
Illaoi
67%
Jax
67%
Morgana
67%
Pulsar Sombre
67%
Tahm Kench
67%
Visionnaire
67%
Voyageur
67%
Astro-groove
60%
Initiateur
60%
Juge Stellaire
60%
Master Yi
60%
Meepsie
60%
Miss Fortune
60%
Rhaast
60%
Sniper
60%
Maraudeur
53%
Primordien
53%
Rebelle
53%
Réplicateur
53%
Section Anima
53%
Psionique
47%
Tisse-destin
47%
Zed
47%
Commandante
40%
Oracle
40%
Bête de Scène
33%
Pavois
33%
The Mighty Mech
33%
Chasseur Galactique
27%
Déesse des Flingues
27%
Duelliste Divine
27%
Dame Sombre
20%
Désespoir
20%
Éradicateur
20%
Flambant Neuf
20%
Rédempteur
20%
Bliztcrank
13%
Aucun quiz correspondant
Distribution des résultats
% des personnes avec chaque résultat
Percentile par nombre de réponses
Votre historique - résultats
Vous n’avez pas pris ce quiz depuis la dernière actualisation